000 01407nam0a22002891 4500
001 rc\2288494
005 20260406184646.0
035 _a(NLR Aleph) 006664863
090 _a4932644
_c4932644
100 _a20110829d1979 |||y0rusy50 ca
101 0 _arus
102 _aRU
105 _aa z |||||
200 1 _aОнтогенез микроорганизмов
_e[Материалы симпоз., 19-21 июня 1978 г., Пущино-на-Оке
_fОтв. ред. Л.В. Калакуцкий]
210 _aМосква
_cНаука
_d1979
215 _a315 с.
_cил.
_d22
300 _aВ надзаг.: АН СССР, Науч. совет по пробл. физиологии и биохимии микроорганизмов, Ин-т биохимии и физиологии микроорганизмов, Ин-т микробиологии, Всесоюз. микробиол. о-во
606 _aМикроорганизмы
_jСборники
_xОнтогенез
_2rkp
702 1 _aКалакуцкий
_bЛ.В.
_gЛев Владимирович
_4340
712 0 2 _aИнститут биохимии и физиологии микроорганизмов
_cПущино
_3RU\NLR\AUTH\889950063
_9395886
801 0 _aRU
_bNLR
_gpsbo
801 1 _aRU
_bELAR
_2rusmarc
852 _aNLR
_j79-5/4224
899 _aRuMoRGB
_jБ 79-18/504
899 _aRuMoRGB
_jБ 79-18/505
942 _cBOOK
980 _aNB